Fußball: Vereine aus demselben Land im Europapokalfinale - Statistiken

Allgemein
  • Dieses Quiz wurde 265 mal gespielt
    41 seit der letzten Aktualisierung
  • Das Durchschnittsergebnis liegt bei 33 aus 36
Antwortstatistiken
Antwort % Korrekt
Atlético Madrid
100%
Atlético Madrid
100%
Atlético Madrid
100%
Bayern München
100%
Borussia Dortmund
100%
FC Chelsea
100%
FC Chelsea
100%
FC Chelsea
100%
FC Porto
100%
Inter Mailand
100%
Manchester United
100%
Manchester United
100%
Real Madrid
100%
Real Madrid
100%
Real Madrid
100%
FC Sevilla
96%
Juventus Turin
96%
Juventus Turin
96%
Juventus Turin
96%
Manchester City
96%
Tottenham Hotspur
96%
Tottenham Hotspur
96%
Tottenham Hotspur
96%
AC Mailand
92%
Borussia Mönchengladbach
92%
FC Arsenal
92%
FC Liverpool
92%
FC Valencia
92%
AS Rom
88%
Eintracht Frankfurt
88%
Athletic Bilbao
77%
Fiorentina
73%
AC Parma
65%
SC Braga
65%
Espanyol Barcelona
54%
Wolverhampton Wanderers
38%
Keine übereinstimmenden Quizze gefunden
Verteilung der Resultate
Anzahl Personen mit jedem Resultat
Perzentil nach korrekt beantworteten Fragen
Ihre Resultats-Entwicklung
Sie haben dieses Quiz seit der letzten Aktualisierung nicht gespielt